Films du Studio Ghibli par image - Clic Quiz - Statistiques

Statistiques générales
  • Ce quiz a été pris 19 185 fois
  • Le résultat moyen est 11 sur 20
Statistiques - réponses
Hint Réponse % Correct
Le voyage de Chihiro
83%
Mon voisin Totoro
75%
Le Château ambulant
74%
Kiki la petite sorcière
71%
Le Royaume des chats
71%
Princesse Mononoké
66%
Ponyo sur la falaise
65%
Le Château dans le ciel
59%
Le Conte de la princesse Kaguya
57%
Nausicaä de la Vallée du Vent
56%
Le Tombeau des lucioles
53%
Mes voisins les Yamada
53%
Souvenirs de Marnie
51%
Le vent se lève
48%
Pompoko
48%
Porco Rosso
44%
Le Garçon et le Héron
39%
Les Contes de Terremer
39%
La Colline aux coquelicots
38%
Arrietty, le petit monde des chapardeurs
34%
Aucun quiz correspondant
Distribution des résultats
% des personnes avec chaque résultat
Percentile par nombre de réponses
Votre historique - résultats
Vous n’avez pas pris ce quiz